000 00319nam a2200121Ia 4500
008 220204s9999 xx 000 0 und d
082 _a301.151
_bCOO
100 _aAiderfer, C P
245 0 _aAdvances in experimental social processes. V 1
260 _aChichester
_bWiley
_cx1978
700 _aCooper, C L
942 _cBK
999 _c34836
_d34836